000 00668nam a22002297a 4500
001 68762
003 UA-OsUOA
005 20211023210231.0
007 ta
008 20100517b un ||||| |||| 00| 0 ukr d
040 _aUA-OsUOA
_brus
_cUA-OsUOA
_dUA-OsUOA
041 _arus
080 _a94(470+571)
090 _a94(470+571)
_bТ35
100 _aТерентьев В.
245 _aЗаписки архивиста: поиски и находки историко-революционных реликвий
260 _aМ.
_bСоветская Россия
_c1984
300 _a208 с.
650 7 _a94 Історія
_2UDC
942 _cBK
_2udc
955 _a2
999 _c355019
_d355019